Responses for show #5782 - Tuesday, November 3, 2009

2009 Teen Tournament quarterfinal game 2.

Contestants

Kennedy Stomps, a junior from St. Louis, Missouri

Samantha Reback, a sophomore from Bethesda, Maryland

Zach Blumenfeld, a junior from Lincolnshire, Illinois

Jeopardy! Round responses

WORLD POLITICS
TV FOR SHORT
DANGEROUS PLANET
ON THE RESTAURANT'S FAST FOOD MENU
YOUNG MR. PRESIDENT
A "HA"!
    $200 1
Fidel Castro

Zach
    $200 26
Total Request Live

Kennedy
    $200 6
a hurricane

Zach
    $200 21
McDonald's

Zach
    $200 16
Obama

Zach
    $200 8
Hansel

Zach
    $400 2
Putin

Samantha
    $400 27
Battlestar Galactica

Kennedy
    $400 7
a tornado

Samantha
    $400 22
KFC

Kennedy
    $400 17
(Kennedy: Who is Taft?)

Ronald Reagan

Kennedy
Triple Stumper
    $400 12
a hammer

Kennedy
    $600 3
Italy

Samantha
    $600 28
Dancing with the Stars

Samantha
    $600 9
flooding

Zach
    $600 23
Subway

Kennedy
    $600 18
Teddy Roosevelt

Zach
    $600 13
half-staff

Zach
    $800 4
the Gaza Strip

Samantha
    $800 29
Mickey Mouse Club

Samantha
    $800 10
an earthquake

Samantha
    $800 24
Taco Bell

Zach
    $800 19
(Zach: Who is George W. Bush?)
(Kennedy: Who is Kennedy?)
(Samantha: Who is Kerry?)

George H.W. Bush

ZachSamanthaKennedy
Triple Stumper
    $800 14
a hatchet

Zach
    $1000 5
Kim Jong-il

Zach
    $1000 30
Law & Order: Criminal Intent

Zach
    $1000 11
a tsunami

Zach
    $1000 25
Wendy's

Triple Stumper
    $2,000 20
Eisenhower

Zach
    $1000 15
a hacienda

Zach

Scores at the first commercial break (after clue 15):

Zach Samantha Kennedy
$5,600 $3,000 $400

Scores at the end of the Jeopardy! Round:

Zach Samantha Kennedy
$9,600 $3,600 $800

Double Jeopardy! Round responses

INVENTORS & INVENTIONS
FUNNY FOLKS
BODY BASICS
REALLY OLD BOOKS
THIS "LAND" IS MY LAND
BEASTLY RHYME TIME
    $400 16
a traffic signal

Zach
    $400 21
Eddie Murphy

Triple Stumper
    $400 22
98.6

Samantha
    $400 3
Beowulf

Zach
    $400 11
England

Zach
    $400 1
(Samantha: What is a mouse's house?--)
(Alex: No.)
(Samantha: --s?)

a rat hat

SamanthaKennedy
    $800 17
contact lenses

Samantha
    $800 27
Zach

Zach
    $800 23
the kidneys

Samantha
    $800 4
The Canterbury Tales

Zach
    $800 12
Poland

Zach
    $800 2
a duck truck

Zach
    $1200 18
a parachute

Zach
    $1200 28
Anna Faris

Kennedy
    $1200 24
a cuticle

Zach
    $1200 5
Dante

Zach
    $1200 13
Maryland & Rhode Island

Triple Stumper
    $1200 8
a yak snack

Kennedy
    $1600 19
a pH meter

Triple Stumper
    $1600 29
(Michael) Cera

Zach
    $1600 25
the larynx

Zach
    $1600 6
Confucius

Kennedy
    $4,000 14
Switzerland

Zach
    $1600 9
an ant chant

Samantha
    $2000 20
the telephone

Zach
    $2000 30
Jim Carrey

Triple Stumper
    $2000 26
the eustachian tube

Zach
    $800 7
(Kennedy: What is Exodus?)

Numbers

Kennedy
    $2000 15
Finland

Zach
    $2000 10
a newt suit

Zach

Scores at the end of the Double Jeopardy! Round:

Zach Samantha Kennedy
$32,800 $6,800 $4,400
(lock game)

Final Jeopardy! Round responses

NUMBERS & LETTERS
KennedyWhat is Arabic?
$2,200
SamanthaWhat is Arabic?
$6,798
ZachWhat is Arabic?
$19,199
Arabic

Final scores:

Zach Samantha Kennedy
$51,999 $13,598 $6,600
Automatic semifinalist 2nd place: $5,000 if eliminated 3rd place: $5,000 if eliminated

Game dynamics:

Coryat scores:

Zach Samantha Kennedy
$29,400 $6,800 $5,200
32 R
(including 2 DDs),
1 W
11 R,
2 W
9 R,
3 W
(including 1 DD)

Combined Coryat: $41,400

The J! Archive is created by fans, for fans. The Jeopardy! game show and all elements thereof, including but not limited to copyright and trademark thereto, are the property of Jeopardy Productions, Inc. and are protected under law. This website is not affiliated with, sponsored by, or operated by Jeopardy Productions, Inc. Join the discussion at JBoard.tv.